[Event "Warsaw YMCA Winter-D 212th"]
[Site "Warsaw"]
[Date "2019.03.19"]
[Round "12"]
[White "Zhydachevskyy, Yulian"]
[Black "Szopa, Andrzej1"]
[Result "1/2-1/2"]
[WhiteElo "1270"]
[BlackElo "1026"]
[PlyCount "70"]
[EventDate "2019.01.08"]
[EventType "tourn"]
[EventRounds "13"]
[EventCountry "POL"]
[SourceTitle "EXT 2021"]
[Source "ChessBase"]
[SourceDate "2020.10.23"]
[SourceVersion "1"]
[SourceVersionDate "2020.10.23"]
[SourceQuality "1"]

1. d4 c6 2. Bf4 d5 3. e3 Bf5 4. Nf3 e6 5. Bd3 Bxd3 6. Qxd3 h6 7. Qd1 Bd6 8. Bg3 Bxg3 9. hxg3 Nf6 10. Nbd2 Nbd7 11. Qe2 Qa5 12. a3 Ne4 13. 0-0-0 Nxd2 14. Nxd2 Rc8 15. Kb1 b5 16. g4 c5 17. dxc5 Nxc5 18. Nb3 Nxb3 19. cxb3 a6 20. g5 Qc7 21. Rc1 Qd8 22. f4 Rxc1+ 23. Kxc1 Kd7 24. gxh6 Rxh6 25. Rxh6 gxh6 26. Qh5 Qf6 27. a4 Qg6 28. Qe2 Kc6 29. Qd2 Qe4 30. axb5+ Kxb5 31. g3 Qh1+ 32. Kc2 Qe4+ 33. Kc1 Qh1+ 34. Kc2 Qe4+ 35. Kc1 Qh1+ 1/2-1/2